| 000 | 01083cas a22003377ar4500 | ||
|---|---|---|---|
| 005 | 20220329142018.0 | ||
| 008 | 990212d19711985enkbr p rnn 0 uub1eng d | ||
| 010 | _a77032 | ||
| 011 | _a78004 | ||
| 022 | 0 | _a0048-4059 | |
| 035 | _a87786 | ||
| 245 | 0 | 0 | _aPhysiological Plant Pathology |
| 260 | 0 |
_aLondon : _bAcademic Press, _c1971-1985 |
|
| 300 | _av. | ||
| 321 | _aBimestral | ||
| 362 | _av.27 n.3, 1985 | ||
| 590 |
_aBATCH-UPD _b10 _c20130110 _lUCH01 _h0531 |
||
| 590 |
_aBATCH-UPD _b10 _c20130410 _lUCH01 _h0211 |
||
| 590 |
_aBATCH-UPD _b10 _c20130914 _lUCH01 _h1414 |
||
| 590 |
_aCONVERSION _b10 _c20130109 _lUCH01 _h1342 |
||
| 650 | 1 | 4 |
_aFitopatología _xPublicaciones periódicas. _941176 |
| 785 | _tPhysiological and Molecular Plant Pathology | ||
| 866 | _av.1 n.1-v.6 n.3 (1971-1975) | ||
| 866 | _av.12 n.1-v.15 n.3 (1978-1979) | ||
| 866 | _av.18 n.1-v.23 n.3 (1981-1983) | ||
| 866 | _av.25 n.1-v.27 n.3 (1984-1985) | ||
| 901 | _aSE | ||
| 905 | _aMa. del Socorro Iturbe C. | ||
| 999 |
_c77032 _d77032 |
||